LEADER 01003nam a2200241 i 4500 001 000000186563 003 CaOOAMICUS 005 20160412000000.0 008 160412s1946 it u000 u ita u 013 $a164612 040 $aSeMil$bita 100 1 $aGentile, Panfilo.$0(OLS)http://semarc/name/36729 245 13$aIl Cristianesimo :$bdalle origini a Costantino /$cPanfilo Gentile. 260 $aFirenze :$bFelice Le Monnier,$c1946. 300 $a307 p. ;$c24 cm. 490 0 $aCollana di studi storici e filosofici ;$v1. 650 4$aCristianesimo - Storia.$0(OLS)http://semarc/subject/130 830 0$aCollana di studi storici e filosofici ;$v1.$0(OLS)http://semarc/title/409140 850 $aSeMil 852 $aSeMil$W1$xVenegono$y1$m3S IV 118$j137250$B137250$CSeMilBibl$Z2$F211931 $81 961 $aOmaggio: Altro 996 $6245$aIl Cristianesimo :$bdalle origini a Costantino$9(OLS)http://semarc/title/268220 996 $6260$aFirenze :$bFelice Le Monnier$9(OLS)http://semarc/publisher/39515 LEADER 01404nam a2200265 i 4500 001 000000024097 003 CaOOAMICUS 005 20221020113438.0 008 180830s2010 gw u000 u ger u 040 $aSeMil$bita 100 1 $aSchmeller, Thomas <1956- >.$0(OLS)http://semarc/name/10693 245 14$aDer zweite Brief an die Korinther /$cThomas Schmeller. 260 $aDüsseldorf :$bPatmos,$c2010. 260 $aNeukirchen/Vluyn :$bNeukirchener Theologie,$c2010. 300 $av. ;$c24 cm. 490 1 $aEKK = Evangelisch-Katholischer Kommentar zum Neuen Testament ;$v8 650 4$aBibbia. Nuovo Testamento. Lettera ai Corinzi. 2. - Commentari, studi, critica, interpretazioni.$0(OLS)http://semarc/subject/2859 650 4$aBibbia - NT - 2 Corinzi.$0(OLS)http://semarc/subject/3792 774 0 $t2Kor 1,1-7,4.$dDüsseldorf : Patmos, 2010.$z978-3-7887-2434-4$z978-3-491-52007-3$g1$w()195791 774 0 $t2Kor 7,5-13,13.$dDüsseldorf : Patmos, 2015.$z978-3-7887-2931-8$z978-3-8436-0690-5$g2$w()247004 830 0$aEKK = Evangelisch-Katholischer Kommentar zum Neuen Testament ;$v8.$0(OLS)http://semarc/title/60 996 $6245$aDer zweite Brief an die Korinther$9(OLS)http://semarc/title/32343 996 $6260$aNeukirchen/Vluyn :$bNeukirchener Theologie$9(OLS)http://semarc/publisher/32497 996 $6260$aDüsseldorf :$bPatmos$9(OLS)http://semarc/publisher/30034